Представление документа в формате RUSMARC

ПолеНазваниеЗначение
  Тип записи a
  Библиографический уровень m
001 Контрольный номер RU/SLIB/B/208724690
005 Дата корректировки 20201206204000.0
010 Индекс ISBN __
d Цена 1-60
101 Язык документа __
a Язык текста rus
c Язык оригинала rus
200 Заглавие и сведения об ответственности 0_
a Заглавие Парижская коммуна 1871 года: Время, события, люди
f Первые сведения об ответственности под общ. ред. И. А. Бах
b Общее обозначение материала Текст
205 Сведения об издании __
a Основные сведения об издании 2-е изд., доп.
210 Выходные данные __
a Место издания М.
c Издательство Политиздат
d Дата издания 1981
215 Физическое описание __
a Объем 376 с.
c Иллюстрации/тип воспроизводства ил
601 Наименование организации как предмет __
a Наименование организации как предмет Парижская коммуна
606 Тематические рубрики __
a Основная рубрика История
z Хронологическая подрубрика 1871 г.; 19 в.
y Географическая подрубрика Париж; Франция
606 Тематические рубрики __
a Основная рубрика Европа в XVI в. - 1918 г.
610 Ключевые слова __
a Ключевые слова баррикады; коммунары; новая история; революции; хронология; историческая литература; исторические факты; исторические деятели
686 Индексы других классификаций __
a Классификационный индекс 63.3(4Фра)53; ст63.3(4Фра)
702 Вторичная интеллектуальная ответственность _1
a Фамилия Бах
b Имя И. А.
4 Код отношения Редактор
801 Источник записи _0
a Страна RU
b Организация Муниципальное бюджетное учреждение культуры "Централизованная библиотечная система" г. Сургут (Центральная городская библиотека им. А. С. Пушкина)
g Правила каталогизации КИК/Елгина
801 Источник записи _1
a Страна RU
b Организация Муниципальное бюджетное учреждение культуры "Централизованная библиотечная система" г. Сургут (Центральная городская библиотека им. А. С. Пушкина)
g Правила каталогизации КИК/Елгина
852 Данные о местонахождении __
j Шифр хранения 63.3(4Фра)53
c Каталожный индекс 63.3(4Фра)
i Авторский знак П 18
p Инвентарный номер 8793
901 Тип документа __
t Тип документа m
990 Данные о заказе (DOS) __
j Количество экземпляров (DOS) 3